000 00354nam a2200133Ia 4500
008 100328s9999 xx 000 0 und d
082 _b72429
100 _aमांजरेकर गीता
245 _aसापशिडी
260 _bडिंपल.
630 _aसापशिडी
730 _aसापशिडी
942 _cBOOK
999 _c558150
_d558147